[Event "zt 3.2a"]
[Site "Ho Chi Minh City VIE"]
[Date "2003.06.22"]
[Round "2"]
[White "Villamayor,B"]
[Black "Dableo,R"]
[Result "1/2-1/2"]
[WhiteElo "2484"]
[BlackElo "2305"]

1.c4 Nf6 2.Nc3 c5 3.Nf3 e6 4.g3 b6 5.Bg2 Bb7 6.O-O Be7 7.d4 cxd4 8.Qxd4 O-O
9.Rd1 d6 10.b3 Nc6 11.Qf4 Qb8 12.Ba3 d5 13.Bxe7 Nxe7 14.Qxb8 Raxb8 15.cxd5 Nexd5
16.Nxd5 Nxd5 17.Rac1 Rbc8 18.Ne5 Ba8 19.Nc4 Nf6 20.Bxa8 Rxa8 21.Ne5 Rfc8
22.Rxc8+ Rxc8 23.Nc6 Kf8 24.Nxa7 Ra8 25.Nc6 Rxa2 26.Rd8+ Ne8 27.Rb8 Rxe2
28.Rxb6 g5 29.Rb8 Rc2 30.Ne5 Rc7 31.b4 Ke7 32.b5 Nd6 33.Kg2 Rc5 34.Nc6+ Kd7
35.Na7 Kc7 36.Rh8 Kb6 37.Nc6 Kxb5 38.Nd4+ Kc4 39.Nc2 Kd3 40.Rd8 Kxc2 41.Rxd6 g4
42.h3 h5 43.Rd4 Rd5 44.Ra4 gxh3+ 45.Kxh3 Rf5 46.Kg2 Kd3 47.Ra3+ Ke4 48.Ra4+ Ke5
49.Rb4 Kf6 50.Ra4 Rd5 51.Kf3 Kg6 52.Rb4 Rd3+ 53.Ke2 Ra3 54.Rc4 e5 55.Rc8 Kg7
56.Re8 f6 57.Re7+ Kg6 58.Re8 Ra7 59.Ke3 Ra3+ 60.Ke2 Ra4 61.Kf1 h4 62.gxh4 Rxh4
63.Re6 Kg5 64.Kg2 Rg4+ 65.Kf3 Rf4+ 66.Kg3 e4 67.Kg2 Rg4+ 68.Kf1 f5 69.Ke2 Rg1
70.f3 Rg2+ 71.Kf1 exf3 72.Re8 Kf4 73.Ra8 Rh2 74.Rb8  1/2-1/2

[Event "2nd It"]
[Site "Grenoble FRA"]
[Date "2003.06.25"]
[Round "6"]
[White "Todorov,T"]
[Black "Foisor,O"]
[Result "1/2-1/2"]
[WhiteElo "2470"]
[BlackElo "2426"]

1.Nf3 Nf6 2.c4 c5 3.Nc3 e6 4.e4 Nc6 5.d4 cxd4 6.Nxd4 Bb4 7.Nxc6 dxc6 8.Qxd8+ Kxd8
9.f3 e5 10.Be3 Be6 11.O-O-O+ Kc7 12.Na4 b6 13.a3 Be7 14.Be2 Rad8 15.b4 Rxd1+
16.Rxd1 Rd8 17.Rxd8 Bxd8 18.Kc2 Nd7  1/2-1/2

[Event "zt 3.2a w"]
[Site "Ho Chi Minh City VIE"]
[Date "2003.06.26"]
[Round "7"]
[White "Caoili,A"]
[Black "Mongontuul,B"]
[Result "1-0"]
[WhiteElo "2293"]
[BlackElo "2321"]

1.Nf3 c5 2.c4 Nf6 3.Nc3 g6 4.e4 d6 5.d4 Bg7 6.Be2 O-O 7.h3 cxd4 8.Nxd4 Nc6
9.Be3 Bd7 10.O-O Nxd4 11.Bxd4 Bc6 12.Bd3 Nd7 13.Bxg7 Kxg7 14.Re1 a5 15.b3 Nc5
16.Bc2 b6 17.Qe2 Ra7 18.Qe3 Qb8 19.h4 h5 20.Qg3 Rd8 21.Rad1 Rad7 22.f4 e5
23.f5 Rf8 24.Rf1 Rdd8 25.Nd5 Qb7 26.a3 b5 27.b4 axb4 28.axb4 Na6 29.f6+ Kh7
30.Rf5 Rg8 31.Qf3 Kh6 32.Qe3+ Kh7 33.Rg5 Bd7 34.Ne7 Nxb4 35.Bb3 Be6 36.cxb5 Qd7
37.Rf1 d5 38.Nf5 Bxf5 39.Rfxf5 Qxf5 40.exf5 d4 41.fxg6+ fxg6 42.Bxg8+  1-0

[Event "2nd Open"]
[Site "La Fere FRA"]
[Date "2003.06.29"]
[Round "2"]
[White "Bagheri,A"]
[Black "Sarakauskiene,Z"]
[Result "1-0"]
[WhiteElo "2439"]
[BlackElo "2206"]

1.c4 Nf6 2.Nc3 c5 3.Nf3 e6 4.g3 b6 5.Bg2 Bb7 6.O-O a6 7.Re1 d6 8.e4 Nbd7
9.d4 cxd4 10.Nxd4 Qc7 11.Be3 Be7 12.Rc1 O-O 13.f4 Bd8 14.Bf2 Rc8 15.b3 Qb8
16.h3 Qa8 17.Qc2 Bc7 18.a4 Rfe8 19.Nf3 h6 20.Rcd1 Bb8 21.Re2 Nc5 22.Nd2 Ncd7
23.Nf1 Bc6 24.Qb1 Nc5 25.Nh2 Nfd7 26.Bf3 Nf6 27.Kg2 g6 28.Rde1 e5 29.fxe5 dxe5
30.a5 Ne6 31.Nd5 Bxd5 32.exd5 Nd4 33.Bxd4 exd4 34.Rxe8+ Rxe8 35.Rxe8+ Nxe8
36.axb6 Bd6 37.b4 Qb8 38.Qe1 Nf6 39.c5 Bf8 40.d6 Nd7 41.b7 Bxd6 42.cxd6 Qxd6
43.Qe8+ Kg7 44.Ng4 d3 45.Ne5  1-0

[Event "2nd Open"]
[Site "La Fere FRA"]
[Date "2003.06.30"]
[Round "4"]
[White "Shchekachev,A"]
[Black "Gharamian,T"]
[Result "1-0"]
[WhiteElo "2592"]
[BlackElo "2239"]

1.Nf3 Nf6 2.c4 g6 3.Nc3 c5 4.d4 cxd4 5.Nxd4 Nc6 6.g3 Bg7 7.Bg2 O-O 8.Nc2 d6
9.b3 Qa5 10.Bd2 Ng4 11.Nd5 Qc5 12.Nce3 Bxa1 13.Qxa1 f6 14.Qc3 Kf7 15.O-O Qd4
16.Qc1 Nxe3 17.Bxe3 Qg4 18.Nc7 Rb8 19.Bd5+ e6 20.Bf3 Qf5 21.Nb5 Rd8 22.c5 Qh3
23.Nxd6+ Kg8 24.Ne4 Rf8 25.Bg2 Qh5 26.Bf3 Qh3 27.Rd1 e5 28.Bh6 Rf7 29.Bg2 Qh5
30.Rd6 Be6 31.Rxe6 Nd4 32.Bf3  1-0

[Event "31st World Open"]
[Site "Philadelphia USA"]
[Date "2003.07.06"]
[Round "9"]
[White "Yermolinsky,A"]
[Black "Gurevich,D"]
[Result "1-0"]
[WhiteElo "2552"]
[BlackElo "2498"]

1.c4 c5 2.Nf3 Nf6 3.Nc3 b6 4.e4 d6 5.d4 cxd4 6.Nxd4 Bb7 7.f3 e6 8.Be3 Be7
9.Be2 O-O 10.O-O a6 11.Qd2 Qc7 12.Rfc1 Nbd7 13.Rab1 Rac8 14.b4 Qb8 15.a4 Bd8
16.a5 bxa5 17.b5 axb5 18.Ndxb5 Rc6 19.Na4 Nb6 20.Nd4 Nxa4 21.Nxc6 Qc7 22.Nxd8 Rxd8
23.Rb5 Ra8 24.Ra1 Nc5 25.Raxa5 Nfd7 26.e5 Nxe5 27.Rxa8+ Bxa8 28.Qa5 Qc8 29.Bxc5 dxc5
30.Rxc5 Nc6 31.Qb6 h6 32.Rb5 Qd7 33.Qe3 f5 34.Rb1 e5 35.Rd1 Qf7 36.Bf1 Kh7
37.Rd6 Qe7 38.c5 Qa7 39.Rd1 Qa4 40.Rc1 Qb4 41.Bd3 g6 42.Ra1 Qb8 43.Bc4 Nd4
44.Qa3  1-0

[Event "26th Open"]
[Site "Barbera del Valles ESP"]
[Date "2003.07.07"]
[Round "2"]
[White "Hernando Rodrigo,Ju"]
[Black "Rahal,M"]
[Result "1/2-1/2"]
[WhiteElo "2283"]
[BlackElo "2401"]

1.Nf3 c5 2.c4 Nf6 3.Nc3 e6 4.g3 b6 5.Bg2 Bb7 6.O-O Be7 7.Re1 d6 8.b3 a6 9.e4 Nbd7
10.Bb2 O-O 11.h3 Qc7 12.d4 cxd4 13.Qxd4 Rfd8 14.Qe3 Rac8 15.Rac1 Qb8 16.e5 dxe5
17.Nxe5 Nxe5 18.Qxe5 Qxe5 19.Rxe5 Bxg2 20.Kxg2 Nd7 21.Re2 Nc5 22.Rd1 Rxd1
23.Nxd1 Rd8 24.Ne3 Kf8 25.Ba3 a5 26.Bxc5 Bxc5 27.Kf3 a4 28.Rb2 a3 29.Rc2 f5
30.Ke2 Ke7 31.Rc3 Bb4 32.Rd3 Rxd3 33.Kxd3 Kf6 34.f3 h5 35.g4 fxg4 36.fxg4 hxg4
37.Nxg4+ Kf5 38.Ne3+ Kf4 39.Nc2 Be7 40.b4 e5 41.c5 bxc5 42.b5 e4+ 43.Kc4 g5
44.Nxa3 Kg3 45.b6  1/2-1/2

[Event "FSGM July"]
[Site "Budapest HUN"]
[Date "2003.07.07"]
[Round "3"]
[White "Gunnarsson,Arn"]
[Black "Postny,E"]
[Result "1/2-1/2"]
[WhiteElo "2348"]
[BlackElo "2499"]

1.c4 c5 2.Nc3 Nf6 3.Nf3 b6 4.g3 Bb7 5.Bg2 g6 6.O-O Bg7 7.d4 cxd4 8.Qxd4 d6
9.b3 O-O 10.Bb2 Nbd7 11.Rfd1 Rc8 12.Rac1 a6 13.h3 Nc5 14.Qe3 Re8 15.Rc2 Rc7
16.Nd5 Nxd5 17.cxd5 Bxb2 18.Rxb2 Nd7 19.Qh6 Nf8 20.Nd4 Qa8 21.Nc6 e6  1/2-1/2

[Event "1st Stage Russian Cup"]
[Site "Tomsk RUS"]
[Date "2003.07.08"]
[Round "5"]
[White "Logunov,M"]
[Black "Fominyh,A"]
[Result "0-1"]
[WhiteElo "2422"]
[BlackElo "2520"]

1.Nf3 c5 2.c4 Nf6 3.Nc3 d5 4.cxd5 Nxd5 5.g3 Nc6 6.Bg2 Nc7 7.O-O e5 8.d3 Be7
9.Nd2 Bd7 10.Nc4 O-O 11.f4 exf4 12.Bxf4 Be6 13.Qb3 Rb8 14.Nb5 Nxb5 15.Bxb8 Ncd4
16.Qa4 Qxb8 17.e3 Nc7 18.exd4 b5 19.Qa5 bxc4 20.dxc5 cxd3 21.Rad1 Rd8 22.Be4 d2
23.Rxd2 Bxc5+ 24.Kh1 Rxd2 25.Qxd2 g6 26.Rc1 Be7 27.Qf4 Qb4 28.a3 Qd4 29.Qf3 Ne8
30.b4 Nf6 31.Bb7 Ng4 32.Re1 Nf2+ 33.Kg1 Nd3+ 34.Qe3 Qd7 35.Re2 Nxb4 36.Bg2 Nc2  0-1

[Event "26th Open"]
[Site "Barbera del Valles ESP"]
[Date "2003.07.09"]
[Round "5"]
[White "Bustamante Montoni,R"]
[Black "Rahal,M"]
[Result "0-1"]
[WhiteElo "2202"]
[BlackElo "2401"]

1.Nf3 Nf6 2.c4 c5 3.Nc3 e6 4.g3 b6 5.Bg2 Bb7 6.O-O Be7 7.b3 d5 8.cxd5 Nxd5
9.Nxd5 Bxd5 10.Bb2 O-O 11.d3 Nd7 12.Qd2 Qc7 13.Rac1 Qb7 14.Rfd1 Rfd8 15.d4 a5
16.Qf4 Bf6 17.Qe3 a4 18.Ne1 Bxg2 19.Nxg2 Nf8 20.Rc4 a3 21.Ba1 e5 22.d5 Rxd5
23.Rxd5 Qxd5 24.Ne1 Ne6 25.Qe4 Rd8 26.Nd3 b5 27.Qxd5 Rxd5 28.Re4 Ng5 29.Re3 e4
30.h4 Bxa1 31.hxg5 f5  0-1

[Event "Open"]
[Site "Montpellier FRA"]
[Date "2003.07.09"]
[Round "3"]
[White "Meinsohn,F"]
[Black "Vajda,S"]
[Result "0-1"]
[WhiteElo "2260"]
[BlackElo "2403"]

1.Nf3 Nf6 2.c4 c5 3.Nc3 g6 4.e4 d6 5.d4 cxd4 6.Nxd4 Bg7 7.Be2 Nc6 8.Be3 O-O
9.O-O Bd7 10.h3 a6 11.Rc1 Rc8 12.Qd2 Re8 13.Rce1 Qa5 14.Nb3 Qc7 15.Nd5 Qb8
16.Nb6 Rcd8 17.Nxd7 Rxd7 18.f3 Rc7 19.Bb6 Rcc8 20.Rd1 Ne5 21.Be3 Ned7 22.g4 d5
23.Kg2 dxe4 24.f4 Red8 25.Qa5 Ne8 26.Qa3 e6 27.c5 Ndf6 28.Bc4 Nc7 29.Rd6 Ncd5
30.Bxd5 Nxd5  0-1

[Event "32nd TCh-GRE"]
[Site "Kallithea Chalkidiki GRE"]
[Date "2003.07.10"]
[Round "8"]
[White "Mastrovasilis,A"]
[Black "Zysk,R"]
[Result "1/2-1/2"]
[WhiteElo "2499"]
[BlackElo "2436"]

1.c4 Nf6 2.Nc3 c5 3.Nf3 g6 4.g3 Bg7 5.Bg2 O-O 6.d4 cxd4 7.Nxd4 Nc6 8.Nc2 b6
9.b3 Bb7 10.Bb2 Na5 11.Bxb7 Nxb7 12.Nd5 e6 13.Nxf6+ Bxf6 14.Bxf6 Qxf6 15.Qxd7 Rfd8
16.Qxb7 Qc3+ 17.Kf1 Qxc2 18.Kg2 Qxe2 19.Rhd1 Qe5 20.Qf3 Kg7 21.Rac1 h5 22.h4 Rac8
23.Rc2 Qf6 24.Rcd2 Rxd2 25.Rxd2 Qxf3+ 26.Kxf3 Rc7 27.Ke4 Kf6 28.Rd8 Ke7 29.Ra8 Rd7
30.Ke5 Rc7 31.f3 Rd7 32.b4 f6+ 33.Ke4 e5 34.Ke3 Ke6 35.Re8+ Kf5 36.Rc8 Rd4
37.a4 a6 38.b5 Ke6 39.f4 Kd7 40.Rg8 Rxc4 41.fxe5 Rg4 42.exf6 Ke6 43.Kf3 Kxf6
44.Rb8 Rb4 45.Rxb6+ Kf5 46.Kg2 Rb3 47.Kh3 Rb2 48.Rb8 Kf6 49.Rb7 Ke6 50.Rg7 Kf6
51.Rb7 Ke6 52.Rb6+ Kf7 53.Rb7+ Kg8 54.b6 Kh8 55.Rb8+ Kg7  1/2-1/2

[Event "13th S&WYM"]
[Site "Millfield School ENG"]
[Date "2003.07.11"]
[Round "3"]
[White "Pinter,G"]
[Black "Trent,L"]
[Result "0-1"]
[WhiteElo "2376"]
[BlackElo "2299"]

1.Nf3 c5 2.c4 Nf6 3.Nc3 d5 4.cxd5 Nxd5 5.g3 Nc6 6.Bg2 Nc7 7.O-O e5 8.d3 Be7
9.Be3 O-O 10.Qa4 Bd7 11.Rfc1 Kh8 12.Rab1 f5 13.a3 g5 14.Qd1 f4 15.Bd2 g4
16.Ne1 Ne6 17.Nd5 Bd6 18.b4 cxb4 19.axb4 Ncd4 20.Bc3 Bc6 21.gxf4 Bxd5 22.Bxd5 Nxf4
23.Bg2 Nfxe2+  0-1

[Event "25th Open"]
[Site "Oberwart AUT"]
[Date "2003.07.11"]
[Round "7"]
[White "Ruck,R"]
[Black "Brkic,A"]
[Result "1-0"]
[WhiteElo "2550"]
[BlackElo "2419"]

1.c4 e6 2.Nf3 Nf6 3.Nc3 c5 4.g3 Nc6 5.Bg2 a6 6.O-O Be7 7.d4 cxd4 8.Nxd4 h5
9.h3 Qc7 10.b3 Ne5 11.e4 Ng6 12.f4 d6 13.Be3 Bd7 14.Rc1 Qa5 15.Qd2 Rb8 16.a4 h4
17.g4 e5 18.Nf5 exf4 19.Ba7 Ra8 20.Bd4 Bf8 21.b4 Qd8 22.Rcd1 Be6 23.Qe2 Rc8
24.Nd5 Rh7 25.c5 dxc5 26.bxc5 Nd7 27.Nb6 Nxb6 28.cxb6 Bc4 29.Qb2 Bxf1 30.Bxf1 Rc6
31.Bxa6 bxa6 32.b7 Qb8 33.Kh1 Rc7 34.Rb1 Bc5 35.Bxc5 Rxc5 36.Qb6 Rc7 37.Qxa6 Ne7
38.Qb5+ Nc6 39.a5 g6 40.Nd4 Qxb7 41.Qxb7 Rxb7 42.Rxb7 Nxd4 43.a6 Nc6 44.Rc7 Kd8
45.Rxc6 Rh8 46.a7 Kd7 47.Ra6 Ra8 48.g5 Kc7 49.Kg2 Kb7 50.Ra1 Rc8 51.a8=Q+ Rxa8
52.Rxa8 Kxa8 53.Kf3 Kb7 54.Kxf4 Kc6 55.Ke5  1-0

[Event "FSGM July"]
[Site "Budapest HUN"]
[Date "2003.07.12"]
[Round "8"]
[White "Jakab,A"]
[Black "Gunnarsson,J"]
[Result "1/2-1/2"]
[WhiteElo "2442"]
[BlackElo "2411"]

1.c4 Nf6 2.Nc3 c5 3.Nf3 b6 4.g3 Bb7 5.Bg2 e6 6.O-O Be7 7.Re1 d6 8.e4 a6 9.d4 cxd4
10.Nxd4 Qc7 11.Be3 Nbd7 12.h3 Rc8 13.Rc1 Qb8 14.b3 Qa8 15.f3 O-O 16.Bf2 Rfe8
17.f4 Bf8 18.Bf3  1/2-1/2

[Event "Women's"]
[Site "Saint Lo FRA"]
[Date "2003.07.14"]
[Round "6"]
[White "Tetenkina,I"]
[Black "Krupa,M"]
[Result "1/2-1/2"]
[WhiteElo "2247"]
[BlackElo "2262"]

1.Nf3 c5 2.c4 Nf6 3.Nc3 e6 4.g3 b6 5.Bg2 Bb7 6.O-O Be7 7.Re1 d5 8.cxd5 exd5
9.d4 O-O 10.Bf4 Nbd7 11.dxc5 Nxc5 12.Nd4 Nce4 13.Nxe4 dxe4 14.Rc1 Rc8 15.Qa4 Nd5
16.Rxc8 Qxc8 17.Rc1 Qd8 18.Nc6 Bxc6 19.Qxc6 Nxf4 20.gxf4 Qd2 21.Qc2 Qxf4
22.e3 Qe5 23.Bxe4 f5 24.Bg2 Bd6 25.h3 Qh2+ 26.Kf1 f4 27.Qc4+ Kh8 28.exf4 Bxf4
29.Rc3 Bd6 30.Qe4 Bc5 31.Rf3 Rd8 32.Rd3 Rb8 33.Rg3 Bd6 34.Re3 h6 35.Qg6 Rf8
36.Re8 Qf4 37.Rxf8+ Bxf8 38.Be4 Qc1+ 39.Kg2 Qg5+ 40.Qxg5 hxg5 41.Kf3 Bc5
42.Kg4  1/2-1/2

[Event "zt 3.3"]
[Site "Yongchuan CHN"]
[Date "2003.07.14"]
[Round "4"]
[White "Wu Wenjin"]
[Black "Wang Zili"]
[Result "1/2-1/2"]
[WhiteElo "2531"]
[BlackElo "2542"]

1.Nf3 c5 2.c4 Nf6 3.Nc3 e6 4.g3 b6 5.Bg2 Bb7 6.O-O Be7 7.d4 cxd4 8.Qxd4 d6
9.Rd1 a6 10.b3 Nbd7 11.e4 Qc7 12.Ba3 Nc5 13.e5 dxe5 14.Qxe5 Rc8 15.Qxc7 Rxc7
16.Bxc5 Bxc5 17.Na4 Ke7 18.Ne5 Bxg2 19.Kxg2 Ba3 20.Rab1 b5 21.Nc3 Rhc8 22.b4 bxc4
23.b5 axb5 24.Nxb5 c3 25.Nxa3 c2 26.Nxc2 Rxc2 27.Rb7+ R8c7 28.Rd2 Rxb7 29.Rxc2 Nd5
30.a4 f6 31.Nc6+ Kd6 32.a5 e5 33.a6 Rb6 34.a7 Ra6 35.h4 Nc7 36.Ne7 Kd7 37.Nf5 g6
38.Rd2+ Ke6 39.Nd6 Rxa7 40.Ne4 Ne8 41.Rb2 Kd5 42.Rb8 Kxe4 43.Rxe8 f5 44.Re6 f4
45.Rf6 Ra3 46.gxf4 exf4 47.Rf7  1/2-1/2

[Event "25th Politiken Cup"]
[Site "Copenhagen DEN"]
[Date "2003.07.15"]
[Round "2"]
[White "Klitgaard,T"]
[Black "Carstensen,J"]
[Result "0-1"]
[WhiteElo "2098"]
[BlackElo "2275"]

1.Nf3 c5 2.c4 Nf6 3.Nc3 g6 4.d4 cxd4 5.Nxd4 Bg7 6.e4 d6 7.Be2 Bd7 8.Be3 Nc6
9.O-O O-O 10.Qd2 Nxd4 11.Bxd4 Bc6 12.f3 a6 13.Nd5 Nd7 14.Bxg7 Kxg7 15.Qd4+ Kg8
16.f4 Bxd5 17.exd5 a5 18.b3 Qc7 19.f5 b6 20.fxg6 hxg6 21.Qf4 Kg7 22.Rf3 Qc5+
23.Kh1 Ne5 24.Rh3 Rh8 25.Rg3 a4 26.Rf1 Rh6 27.Qg5 axb3 28.axb3 Ra2 29.Re3 f6
30.Qg3 Qd4 31.h3 Qh4 32.Qxh4 Rxh4 33.Re1 Rd4 34.Rb1 f5 35.Bf1 Rdd2 36.Rc3 f4
37.b4 f3 38.gxf3 Rf2 39.Re1 Nxf3 40.Rxf3 Rxf3 41.Rxe7+ Kh6 42.Re1 Rb2 43.b5 Kg5
44.Kg1 Rg3+ 45.Kh1 Rf2  0-1

[Event "25th Politiken Cup"]
[Site "Copenhagen DEN"]
[Date "2003.07.16"]
[Round "3"]
[White "Sasikiran,K"]
[Black "Adamski,J"]
[Result "1-0"]
[WhiteElo "2654"]
[BlackElo "2335"]

1.Nf3 Nf6 2.c4 e6 3.Nc3 c5 4.g3 b6 5.Bg2 Bb7 6.O-O d5 7.cxd5 Nxd5 8.d4 Be7
9.Nxd5 Bxd5 10.dxc5 bxc5 11.Qa4+ Bc6 12.Qc2 O-O 13.Rd1 Qc7 14.Bf4 Qb7 15.Bd6 Na6
16.Bxe7 Qxe7 17.a3 Rab8 18.Ng5 Qxg5 19.Bxc6 Rb6 20.Be4 g6 21.Rd7 Rfb8 22.Rxa7 Qe5
23.Qc4 Nc7 24.f4 Qxb2 25.Ra2 Qb5 26.Qc1 Nd5 27.Rc2 Rc6 28.Rc4 Rcc8 29.f5 Qb6
30.Rd7 Nf6 31.Rd1 exf5 32.Bf3 Rd8 33.Rxd8+ Rxd8 34.Kg2 Rc8 35.a4 Rc7 36.Qc3 Ne8
37.Qe5 Qe6 38.Rxc5 Rxc5 39.Qxc5 Nf6 40.a5 g5 41.Kf2 h6 42.Qb6 Qxb6+ 43.axb6 Nd7
44.b7 Kf8 45.Ke3 Ke7 46.Kd4 Kd6 47.Bh5 Kc7 48.Bxf7 Kxb7 49.Be6 Nb6 50.Ke5 Kc6
51.Kxf5 Kd6 52.Kf6 Kc5 53.e3 Na4 54.Bb3 Nc3 55.Kg6 Ne4 56.Kxh6 g4 57.Be6 Nf2
58.Kg5 Kd6 59.Bxg4  1-0

[Event "ch-City"]
[Site "Tehran IRI"]
[Date "2003.07.17"]
[Round "6"]
[White "Doostkam,P"]
[Black "Khaghani,M"]
[Result "1/2-1/2"]
[WhiteElo "2232"]
[BlackElo "2212"]

1.c4 Nf6 2.Nc3 c5 3.Nf3 e6 4.d4 cxd4 5.Nxd4 b6 6.e4 d6 7.Be2 Bb7 8.f3 Be7
9.O-O O-O 10.Be3 Nbd7 11.a4 Rc8 12.Ndb5 Ne5 13.Nxa7 Nxc4 14.Nxc8 Nxe3 15.Nxe7+ Qxe7
16.Qd4 Nxf1 17.Bxf1 d5 18.exd5 Nxd5 19.Nxd5 Bxd5 20.Qxb6 e5 21.Rd1 Ba8 22.a5 h5
23.a6 h4 24.h3 Qg5 25.Kh1 e4 26.fxe4 Bxe4 27.Qd4 f5 28.b4 Kh7 29.a7 Qg3 30.Kg1 Rd8
31.Qxd8  1/2-1/2

[Event "BCSA Open"]
[Site "Batumi GEO"]
[Date "2003.07.18"]
[Round "2"]
[White "Kacheishvili,G"]
[Black "Kashashvili,A"]
[Result "1-0"]
[WhiteElo "2603"]
[BlackElo "2305"]

1.Nf3 Nf6 2.c4 e6 3.Nc3 c5 4.e3 Be7 5.d4 cxd4 6.exd4 d5 7.cxd5 exd5 8.Bb5+ Bd7
9.Qb3 O-O 10.O-O Be6 11.Ne5 a6 12.Bd3 Nc6 13.Nxc6 bxc6 14.Na4 Qc7 15.Qc2 h6
16.h3 Nd7 17.Be3 a5 18.Rac1 Rfc8 19.Qe2 Qd6 20.a3 Bd8 21.Qf3 Bc7 22.Rfd1 Rf8
23.Rc3 Qh2+ 24.Kf1 f5 25.Ke2 f4 26.Bc1 Rae8 27.Kd2 Be5 28.Rxc6 Bf7 29.Kc2 Re6
30.Rxe6 Bxe6 31.Re1 Rc8+ 32.Nc3 g5 33.dxe5 d4 34.Qe4 dxc3 35.Qg6+ Kf8 36.Qxh6+  1-0

[Event "TCh-Europe u18"]
[Site "Balatonlelle HUN"]
[Date "2003.07.20"]
[Round "2"]
[White "Beudaert,X"]
[Black "Zaragatski,I"]
[Result "1/2-1/2"]
[WhiteElo "2272"]
[BlackElo "2329"]

1.Nf3 Nf6 2.c4 c5 3.Nc3 e6 4.g3 b6 5.Bg2 Bb7 6.O-O Be7 7.Re1 d6 8.e4 a6 9.d4 cxd4
10.Nxd4 Qc7 11.Be3 Nbd7 12.f4 O-O 13.Rc1 Rac8 14.Bf2 Qb8 15.Qe2 Bd8 16.b3 Bc7
17.f5 Rfe8 18.fxe6 fxe6 19.Bh3 Nf8 20.Nf3 N6d7 21.Rf1 d5 22.cxd5 exd5 23.Bd4 Re7
24.Qd3 dxe4 25.Qc4+ Kh8 26.Ng5 h6 27.Nf7+ Kh7 28.Bf5+ Ng6 29.Qe2 Nf8 30.Qh5 Be5
31.Nxe5 Rxe5 32.Bxe5 Qxe5 33.Ne2 Rc5 34.Bxg6+ Nxg6 35.Rxc5 bxc5 36.Qxe5 Nxe5
37.h3 c4 38.bxc4 Nxc4 39.Rc1 Ne5 40.Nf4 Nd3 41.Nxd3 exd3 42.Kf2 Bd5 43.Ra1 Be6
44.g4 h5 45.gxh5 Bxh3 46.Ke3 Kh6 47.Rc1 Kxh5 48.Rc6 d2 49.Kxd2 Bf1 50.a4 g5
51.Ke3 Kg4 52.Rc1 Bg2 53.Kf2 Be4 54.Rd1 Kf4 55.Rd6 Bb7 56.Rb6 Bc8 57.Rc6 Bb7
58.Rc7 Be4 59.Ke2 Bd5 60.Rc5 Bb7 61.Rc4+ Kg3 62.Rc3+ Kf4 63.Rc4+  1/2-1/2

[Event "25th Politiken Cup"]
[Site "Copenhagen DEN"]
[Date "2003.07.20"]
[Round "7"]
[White "Vovk,Ok"]
[Black "Olsson,L"]
[Result "0-1"]
[WhiteElo "2107"]
[BlackElo "2244"]

1.c4 Nf6 2.Nc3 c5 3.Nf3 d5 4.cxd5 Nxd5 5.d4 Nxc3 6.bxc3 g6 7.e3 Bg7 8.Bc4 O-O
9.O-O Qc7 10.Qe2 Bg4 11.Ba3 Nd7 12.Bb5 b6 13.h3 Bxf3 14.Qxf3 Rac8 15.Rac1 Rfd8
16.Rfd1 e6 17.Ba6 Rb8 18.Bb5 a6 19.Qc6 Qa7 20.Be2 Rdc8 21.Qa4 b5 22.Qa5 Bf8
23.Rb1 Qb6 24.Qxb6 Nxb6 25.Rdc1 Na4 26.Bd1 Nb6 27.Be2 Rc7 28.c4 cxd4 29.Bxf8 Rxf8
30.cxb5 Rxc1+ 31.Rxc1 axb5 32.exd4 Ra8 33.Bxb5 Rxa2 34.Rd1 Kg7 35.Bc6 Nd5
36.Bxd5 exd5 37.g3 Kf6 38.Kg2 Ra3 39.Rd2 g5 40.f3 h5 41.Kf2 h4 42.g4 Ke6
43.Ke2 Ra4 44.Ke3 Kd6 45.Ke2 f6 46.Ke3 Ra1 47.Kf2 Rh1 48.Kg2 Rc1 49.Kf2 Kc6
50.Re2 Kb5 51.Re6 Rc6 52.Re8 Rc2+ 53.Ke3 Rc3+ 54.Ke2 Kc4 55.Re6 Kxd4 56.Rxf6 Rc2+
57.Kf1 Ke3 58.Rf5 d4 59.Rxg5 d3 60.Re5+ Kxf3 61.Ke1 Rh2 62.g5 Rxh3 63.Kd2 Rg3
64.Kxd3 Kf4+ 65.Kd4 h3 66.g6 Rxg6 67.Re2 Rd6+ 68.Kc4 Rh6 69.Rh2 Kg3 70.Rd2 h2
71.Rd3+ Kf2  0-1

[Event "3rd Savaria Summer Open"]
[Site "Szombathely HUN"]
[Date "2003.07.21"]
[Round "3"]
[White "Ovsejevitsch,S"]
[Black "Varadi,V"]
[Result "1-0"]
[WhiteElo "2497"]
[BlackElo "2370"]

1.Nf3 c5 2.c4 Nf6 3.Nc3 d5 4.cxd5 Nxd5 5.e3 Nc6 6.d4 cxd4 7.exd4 g6 8.Qb3 Nxc3
9.Bc4 Nd5 10.Bxd5 e6 11.Bxc6+ bxc6 12.O-O Ba6 13.Re1 Qd5 14.Qc2 Bg7 15.b3 c5
16.Ba3 cxd4 17.Qc7 Qd7 18.Qf4 O-O-O 19.Ne5 Bxe5 20.Rxe5 Kb7 21.Rd1 d3 22.Ra5 Qc6
23.Rc5 Qd7 24.Bb2 f5 25.Qf3+ Kb6 26.Bd4 e5 27.Rc6+ Kb7 28.Rb6+  1-0

[Event "MTO"]
[Site "Biel SUI"]
[Date "2003.07.22"]
[Round "2"]
[White "Adianto,U"]
[Black "Kuemin,S"]
[Result "1-0"]
[WhiteElo "2573"]
[BlackElo "2399"]

1.Nf3 c5 2.c4 Nf6 3.Nc3 b6 4.e4 d6 5.d4 cxd4 6.Nxd4 Bb7 7.Bd3 Nbd7 8.O-O g6
9.b3 Bg7 10.Bb2 O-O 11.Re1 a6 12.Qd2 Re8 13.Rad1 Rc8 14.a4 Nc5 15.Bc2 Ncd7
16.h3 Qc7 17.Nd5 Qb8 18.a5 Nxd5 19.exd5 b5 20.cxb5 axb5 21.Bf5 Rc7 22.Nxb5 gxf5
23.Bxg7 Kxg7 24.Qg5+ Kf8 25.Qh6+ Kg8 26.Qg5+ Kf8 27.Nd4  1-0

[Event "MTO"]
[Site "Biel SUI"]
[Date "2003.07.22"]
[Round "2"]
[White "Arkhangelsky,B"]
[Black "Ulibin,M"]
[Result "1/2-1/2"]
[WhiteElo "2381"]
[BlackElo "2558"]

1.Nf3 c5 2.c4 Nf6 3.Nc3 b6 4.g3 Bb7 5.Bg2 e6 6.O-O Be7 7.Re1 d6 8.e4 a6 9.d4 cxd4
10.Nxd4 Qc7 11.Be3 Nbd7 12.Rc1 Rc8 13.b3 Nc5 14.f3 O-O 15.Bh3 Qb8 16.g4 h6
17.g5 hxg5 18.Bxg5 Rfe8 19.Re2 Nh7 20.Bxe7 Rxe7 21.Qd2 Rcc7 22.Nc2 Qd8 23.Rg2 Kh8
24.Ne3 Re8 25.b4 Nd7 26.Qxd6 Ndf8 27.Qxb6 Qd3 28.Ncd1 Rec8 29.Nf2 Qe2 30.Qd4 f6
31.Bg4  1/2-1/2

[Event "3rd Savaria Summer Open"]
[Site "Szombathely HUN"]
[Date "2003.07.22"]
[Round "4"]
[White "Jakab,A"]
[Black "Szieberth,A"]
[Result "1-0"]
[WhiteElo "2442"]
[BlackElo "2376"]

1.c4 Nf6 2.Nc3 e6 3.Nf3 c5 4.g3 d5 5.cxd5 Nxd5 6.Nxd5 exd5 7.d4 Nc6 8.Bg2 cxd4
9.Nxd4 Bb4+ 10.Bd2 Qa5 11.Nb3 Bxd2+ 12.Qxd2 Qxd2+ 13.Kxd2 Ke7 14.Rhd1 Rd8
15.Rac1 Bf5 16.Ke3 Kf6 17.Bxd5 Re8+ 18.Kf3 Nb4 19.Bxb7 Rab8 20.Nc5 Rxb7 21.Rd6+ Ke5
22.Nxb7 Be4+ 23.Ke3 Bxb7 24.Rd7 Bd5 25.a3 Ke6 26.Rxa7 Nc6 27.Ra4 Rb8 28.Rc2 Kd6
29.Rh4 Rb3+ 30.Kd2 Na5 31.Rb4 Rxb4 32.axb4 Nc6 33.Kc3 Na7 34.Rc1 f5 35.Kd3 g5
36.f3 f4 37.gxf4 gxf4 38.Rg1 Nc6 39.b5 Ne5+ 40.Kd4 Nf7 41.Rg8 Be6 42.b6 Kc6
43.Rg7 Kxb6 44.Rxh7 Kc6 45.Rh4 Kd6 46.Rxf4 Nd8 47.h4 Bf7 48.Kc3  1-0

[Event "26th Asian Juniors"]
[Site "Negombo SRI"]
[Date "2003.07.24"]
[Round "8"]
[White "Akbarinia,S"]
[Black "Nguyen Ngoc Truongson"]
[Result "0-1"]
[WhiteElo "2278"]
[BlackElo "2435"]

1.Nf3 Nf6 2.c4 c5 3.Nc3 g6 4.g3 Bg7 5.Bg2 O-O 6.d4 cxd4 7.Nxd4 Nc6 8.O-O Ng4
9.e3 Nge5 10.b3 d6 11.h3 Rb8 12.Bb2 a6 13.Qe2 Nxd4 14.exd4 Nc6 15.d5 Nd4
16.Qd2 Qa5 17.Rfe1 b5 18.Re4 e5 19.dxe6 Nxe6 20.Rd1 Bb7 21.Rh4 g5 22.Rg4 Bxg2
23.Kxg2 f5 24.Rxg5 Nxg5 25.Qxg5 Qd8 26.Qd2 Qf6 27.cxb5 axb5 28.Qd5+ Qf7 29.Qxd6 f4
30.Rd5 fxg3 31.Qxg3 Rb6 32.Rg5 Rg6 33.Nd1 Bxb2 34.Nxb2 Qxf2+ 35.Qxf2 Rxg5+
36.Kf1 Rc5 37.Qxf8+ Kxf8 38.Nd3 Rc2 39.a4 Rd2 40.Nc5 b4 41.Ke1 Rd5 42.Nb7 Ke7
43.a5 Kd7 44.a6 Kc7 45.Ke2 Kb6 46.Ke3 Kxa6 47.Ke4 Rh5  0-1

[Event "ITT"]
[Site "Vicente Lopez ARG"]
[Date "2003.07.25"]
[Round "2"]
[White "Molina,Jo"]
[Black "Ibar,M"]
[Result "1/2-1/2"]
[WhiteElo "2310"]
[BlackElo "2315"]

1.Nf3 c5 2.c4 Nf6 3.Nc3 g6 4.g3 Bg7 5.Bg2 Nc6 6.O-O O-O 7.d4 d6 8.dxc5 dxc5
9.Be3 Qa5 10.Qb3 Ng4 11.Bd2 Qb4 12.h3 Qxb3 13.axb3 Nge5 14.Nxe5 Bxe5  1/2-1/2

[Event "ch-NED Open"]
[Site "Dieren NED"]
[Date "2003.07.29"]
[Round "7"]
[White "Werle,J"]
[Black "Struik,T"]
[Result "1-0"]
[WhiteElo "2397"]
[BlackElo "2189"]

1.Nf3 Nf6 2.c4 c5 3.Nc3 d5 4.cxd5 Nxd5 5.d4 cxd4 6.Qxd4 Nxc3 7.Qxc3 Bf5 8.g3 e6
9.Bg2 Nd7 10.O-O Rc8 11.Qd4 b6 12.Rd1 h6 13.Bf4 Be7 14.Ne5  1-0

[Event "MTO"]
[Site "Biel SUI"]
[Date "2003.07.31"]
[Round "10"]
[White "Cherniaev,A1"]
[Black "Giertz,N"]
[Result "1-0"]
[WhiteElo "2487"]
[BlackElo "2275"]

1.c4 c5 2.Nf3 Nf6 3.Nc3 d5 4.cxd5 Nxd5 5.e3 e6 6.d4 Nc6 7.Bd3 Be7 8.O-O O-O
9.a3 Nxc3 10.bxc3 b6 11.Bb2 Bb7 12.e4 Qc7 13.Qe2 Rfe8 14.Rad1 Bf8 15.Rfe1 Rac8
16.h4 cxd4 17.cxd4 Qf4 18.Bb5 Red8 19.Bc1 Qg4 20.Bg5 f6 21.Bc4 Kh8 22.Qa2 Re8
23.Bc1 Na5 24.Nh2 Qxh4 25.Bxe6 Rc3 26.g3 Qh5 27.Bf7  1-0

[Event "Futurity"]
[Site "Kitchener CAN"]
[Date "2003.07.31"]
[Round "8"]
[White "Stevens,C"]
[Black "Hutters,T"]
[Result "1/2-1/2"]
[WhiteElo "2219"]
[BlackElo "2400"]

1.c4 c5 2.Nf3 Nf6 3.Nc3 e6 4.g3 b6 5.Bg2 Bb7 6.O-O Be7 7.d4 cxd4 8.Qxd4 d6
9.Bg5 a6 10.Bxf6 Bxf6 11.Qf4 Bxf3  1/2-1/2

[Event "HZ Open"]
[Site "Vlissingen NED"]
[Date "2003.08.03"]
[Round "3"]
[White "Lahaye,J"]
[Black "Zaragatski,I"]
[Result "1/2-1/2"]
[WhiteElo "2083"]
[BlackElo "2329"]

1.Nf3 Nf6 2.c4 c5 3.Nc3 e6 4.d4 cxd4 5.Nxd4 a6 6.Nc2 b6 7.e4 d6 8.Be3 Nbd7
9.Be2 Bb7 10.f3 Be7 11.Qd2 Qc7 12.Rc1 Rc8 13.O-O O-O 14.Rfd1 Qb8 15.Bf1 Rfe8
16.Qf2 Bd8 17.Nb4 Bc7 18.Qh4 Qa8 19.b3 Ne5 20.Qf2 Nfd7 21.Nd3 Nxd3 22.Bxd3 Qb8
23.Qh4 Ne5 24.Bb1 Bc6 25.f4 Ng6 26.Qh5 b5 27.cxb5 axb5 28.Ne2 Qb7 29.Ng3 d5
30.Qf3 d4 31.Bxd4 Bxf4 32.Be3 Bxg3 33.hxg3 f5 34.Rd4 Rf8 35.Rcd1 e5 36.Rd6 f4
37.Bc5 fxg3 38.Qxg3 Bxe4 39.Bxe4 Qxe4 40.Rxg6 hxg6 41.Bxf8 Rxf8 42.Re1 Qd4+
43.Qe3 Qb2 44.Qe2 Qd4+ 45.Qe3  1/2-1/2